Online
Catalog

Cinco poetas hondurenos / (Record no. 17605)

MARC details
000 -CABECERA
campo de control de longitud fija 01041cam a2200265 a 4500
001 - NÚMERO DE CONTROL
campo de control 000018083
005 - FECHA Y HORA DE LA ÚLTIMA TRANSACCIÓN
campo de control 20200929165339.0
008 - DATOS DE LONGITUD FIJA--INFORMACIÓN GENERAL
campo de control de longitud fija 830120s1981 ho 000 p spa d
040 ## - FUENTE DE LA CATALOGACIÓN
Centro catalogador/agencia de origen DO-SdBNP
Lengua de catalogación spa
Centro/agencia transcriptor BNPHU
082 ## - NÚMERO DE LA CLASIFICACIÓN DECIMAL DEWEY
Número de clasificación Ho861.7283
Número de documento/Ítem C574p
245 00 - MENCIÓN DE TÍTULO
Título Cinco poetas hondurenos /
Mención de responsabilidad, etc. selección y prólogo Hernan Antonio Bermudez.
260 ## - PUBLICACIÓN, DISTRIBUCIÓN, ETC.
Lugar de publicación, distribución, etc. Tegucigalpa, Honduras :
Nombre del editor, distribuidor, etc. Guaymuras,
Fecha de publicación, distribución, etc. 1981.
300 ## - DESCRIPCIÓN FÍSICA
Extensión 102 p. ;
Dimensiones 21 cm.
490 1# - MENCIÓN DE SERIE
Mención de serie Salamandra
505 0# - NOTA DE CONTENIDO CON FORMATO
Nota de contenido con formato Prólogo -- Alexis Ramírez -- Rigoberto Paredes -- José Luis Quesada -- Ricardo Maldonado -- Horacio Castellanos Moya.
600 10 - PUNTO DE ACCESO ADICIONAL DE MATERIA--NOMBRE DE PERSONA
Nombre de persona RAMÍREZ, ALEXIS,
9 (RLIN) 39189
600 10 - PUNTO DE ACCESO ADICIONAL DE MATERIA--NOMBRE DE PERSONA
Nombre de persona PAREDES, RIGOBERTO,
Fechas asociadas al nombre 1948-
9 (RLIN) 39190
600 10 - PUNTO DE ACCESO ADICIONAL DE MATERIA--NOMBRE DE PERSONA
Nombre de persona QUESADA, JOSÉ LUIS,
Fechas asociadas al nombre 1948-
9 (RLIN) 39191
600 10 - PUNTO DE ACCESO ADICIONAL DE MATERIA--NOMBRE DE PERSONA
Nombre de persona MALDONADO, RICARDO,
Fechas asociadas al nombre 1958-
9 (RLIN) 39192
600 10 - PUNTO DE ACCESO ADICIONAL DE MATERIA--NOMBRE DE PERSONA
Nombre de persona CASTELLANOS MOYA, HORACIO,
Fechas asociadas al nombre 1957-
9 (RLIN) 39193
650 #4 - PUNTO DE ACCESO ADICIONAL DE MATERIA--TÉRMINO DE MATERIA
Término de materia o nombre geográfico como elemento de entrada Poetas hondureños
Subdivisión cronológica SIGLO XX
9 (RLIN) 39194
650 #4 - PUNTO DE ACCESO ADICIONAL DE MATERIA--TÉRMINO DE MATERIA
Término de materia o nombre geográfico como elemento de entrada Poesía hondureña
Subdivisión cronológica SIGLO XX
9 (RLIN) 39195
650 #4 - PUNTO DE ACCESO ADICIONAL DE MATERIA--TÉRMINO DE MATERIA
Término de materia o nombre geográfico como elemento de entrada Literatura hondureña
Subdivisión cronológica SIGLO XX
9 (RLIN) 39196
700 1# - PUNTO DE ACCESO ADICIONAL--NOMBRE DE PERSONA
Nombre de persona Bermudez, Hernan Antonio,
Término indicativo de función/relación pról.
9 (RLIN) 39197
Holdings
Estado de retiro Estado de pérdida Restricciones de uso No para préstamo Código de colección Localización permanente Ubicación/localización actual Ubicación en estantería Fecha de adquisición Número de inventario Total de préstamos Signatura topográfica completa Código de barras Fecha visto por última vez Precio válido a partir de Tipo de ítem Koha
        Monografías: Libros y Folletos General General En catalogación 13.04.2010 LF1   Ho861.7283 C574p 18083-10 25.06.2020 25.06.2020 Préstamo en sala

Powered by Koha